000 01189nam0a22004091 4500
001 RU\NLR\A1SV\92843
005 20251101145804.0
035 _a(NLR Aleph) 009774195
090 _a10068239
_c10068239
100 _a20090212d1926 u y0rusy50 ca
101 0 _arus
102 _aRU
200 1 _aУроки шанхайских событий
_fПавел Миф
_gПод общ. ред. и с предисл. К.Радека
210 _aМ.
_aЛ.
_cГос. изд.
_d1926
215 _a83, [1] с.
_d24 см
225 _aК первой годовщине 30 мая 1925-1926
300 _aНапеч. в Москве
620 _dМосква
620 _dСанкт-Петербург
700 1 _aМиф
_bП.А.
_f1901-1938
_gПавел Александрович
801 0 _aRU
_bNLR
_c20090212
852 _aNLR
_j34/2675
852 _aNLR
_j34/2675а
899 _aSLK
899 _aГПИБ
899 _aСамОУНБ
899 _aКирОУНБ
899 _aРГБ
899 _aГОПБ
899 _aНГОУНБ
899 _aНБ ТГУ
899 _aКУНБ
899 _aМГУ
942 _cBOOK
980 _aA1SV
980 _aNB